000 00701nam a2200217 a 4500
001 23822
003 CO-ViMGA
008 141112s2004 ck r 000 u spa d
020 _a9789588675039
040 _aCO-ViMGA
_bspa
_cCO-ViMGA
082 0 4 _a658.8 G172g
100 1 _aGarcia Asca, Fernando
_934502
245 1 0 _aGestion comercial de la pyme :
_bherramientas basicas para gestionar eficazmente su empresa /
_cFernando Garcia Asca
260 _aColombia :
_bIdeaspropias
300 _a230p.
650 1 4 _aADMINISTRACION DE MERCADOS
_929561
650 1 4 _aANALISIS DE MERCADEO
_933498
650 1 4 _aMERCADEO Y PLANIACION
_934503
650 1 4 _aPEQUEÑA Y MEDIANA EMPRESA
_9560
942 _2ddc
_cBK
999 _c31903
_d31903